Memorias del Simposio Interamericano de Toxoplasmosis (Registro nro. 75615)

Detalles MARC
001 - NÚMERO DE CONTROL
campo de control 154663
005 - FECHA Y HORA DE LA ÚLTIMA TRANSACCIÓN
campo de control 20260506075615.0
008 - DATOS DE LONGITUD FIJA--INFORMACIÓN GENERAL
campo de control de longitud fija 971204s1984 spa
035 ## - NÚMERO DE CONTROL DEL SISTEMA
Número de control de sistema 154663
035 ## - NÚMERO DE CONTROL DEL SISTEMA
Número de control de sistema (OCoLC)778006912
040 ## - FUENTE DE LA CATALOGACIÓN
Centro/agencia transcriptor comduadb
041 ## - CÓDIGO DE LENGUA
Código de lengua del texto/banda sonora o título independiente spa
080 ## - NÚMERO DE LA CLASIFICACIÓN DECIMAL UNIVERSAL
Número de la Clasificación Decimal Universal WC
111 20 - ENTRADA PRINCIPAL--NOMBRE DE CONGRESO/REUNIÓN
Nombre de congreso/reunión o jurisdicción como elemento de entrada Simposio Interamericano de Toxoplasmosis (1984 : Bogota),
Código de función aut
Unidad subordinada aut
245 10 - MENCIÓN DE TÍTULO
Título Memorias del Simposio Interamericano de Toxoplasmosis
260 ## - PUBLICACIÓN, DISTRIBUCIÓN, ETC.
Lugar de publicación, distribución, etc. Bogotá :
Nombre del editor, distribuidor, etc. ICFES (Instituto Colombiano para el Fomento de la Educación Superior),
Fecha de publicación, distribución, etc. 1984.
300 ## - DESCRIPCIÓN FÍSICA
Extensión 289 páginas
650 ## - PUNTO DE ACCESO ADICIONAL DE MATERIA--TÉRMINO DE MATERIA
Término de materia o nombre geográfico como elemento de entrada Toxoplasmosis
9 (RLIN) 53130
700 10 - ENTRADA AGREGADA--NOMBRE PERSONAL
Nombre de persona Guhl Nannetti, Felipe,
Fechas asociadas al nombre 1949-
Código de función edt
Término indicativo de función/relación Editor/a
9 (RLIN) 506052
700 10 - ENTRADA AGREGADA--NOMBRE PERSONAL
Nombre de persona Cornelis J., Marinkelle
Código de función edt
Término indicativo de función/relación Editor/a
9 (RLIN) 483992
700 10 - ENTRADA AGREGADA--NOMBRE PERSONAL
Nombre de persona Rodriguez de Sanchez, Nhora
Código de función edt
Término indicativo de función/relación Editor/a
9 (RLIN) 483993
942 ## - ELEMENTOS DE ENTRADA AGREGADA (KOHA)
Tipo de ítem Koha Libros
Existencias
Estado de retiro Estado de pérdida Estado dañado No para préstamo Código de colección Localización permanente Ubicación/localización actual Fecha de adquisición Número de inventario Total de préstamos Signatura topográfica completa Código de barras Fecha visto por última vez Número de copia Precio válido a partir de Tipo de ítem Koha
        Colección Semiactiva Planta Baja Biblioteca Carlos Gaviria Díaz, Campus Medellín Biblioteca Carlos Gaviria Díaz, Campus Medellín 09/11/2005 C888189   616.95 S471m 1031571 21/04/2023 3 21/04/2023 Libros
Retirado de Circulación     Para Descartar Colección General Biblioteca Médica, Campus Medellín Biblioteca Médica, Campus Medellín 04/12/1997 C210974   WC725 S5-84 e2 61000001065776 21/04/2023 2 21/04/2023 Libros - Reserva